Score 0/15 Timer 04:00
3 Plays Today
Question Answer % Correct
Which two card suits are colored black?Clubs & Spades
94.1%
Black Friday comes the day after which US holiday?Thanksgiving
93.2%
'Black Beauty,' by Anna Sewell, is about what type of animal?Horse
91.8%
What company manufactured the Model T and originally offered it only in black?Ford
89.4%
In the common idiom, the pot calls what object 'black'?Kettle
89%
During what century did the Black Plague peak in Europe?14th Century
86.6%
The All Blacks are New Zealand's national team for what sport?Rugby
85.1%
Which actress popularized the little black dress in 'Breakfast at Tiffany's'?Audrey Hepburn
83.3%
Question Answer % Correct
Who is the only female member of hip-hop group The Black Eyed Peas?Fergie
83.2%
Actor Jack Black voices Po in what animated film series?Kung Fu Panda
81.5%
The Black Forest is a mountain range found in what country?Germany
80.1%
Kali, meaning 'the black one,' is a goddess in what religion?Hinduism
79.9%
Since its premiere in 2014, the sitcom 'Black-ish' has been aired on which US network?ABC
71.1%
What is the French translation for 'black'?Noir
70.4%
What shape is typically found on the underside of the abdomen of a black widow spider?Hourglass
47.4%
Remove Ads.
Support Sporcle.
Get the best of Sporcle when you Go Orange. This ad-free experience offers more features, more stats, and more fun while also helping to support Sporcle. Thank you for becoming a member.

You're not logged in!

Compare scores with friends on all Sporcle quizzes.
OR
Log In

Show Comments

Extras

Top Quizzes Today


Score Distribution

Your Account Isn't Verified!

In order to create a playlist on Sporcle, you need to verify the email address you used during registration. Go to your Sporcle Settings to finish the process.

Report this User

Report this user for behavior that violates our Community Guidelines.

Details: